00360nam a2200133 a 450000500170000000800410001702000180005805000230007610000220009924500440012126000350016530000130020065000130021320140412111425.0090627s19uu xx 00 eng d a0-439-02717-9 aTR(PS EbHo83 2007 aKimmelman, Leslie aHow do i love you? /cLeslie Kimmelman. aNew York :bScholastic,c2007. a1v. unp. aCounting